000 00502nam a2200181Ia 4500
005 20250423094547.0
008 250422s9999 xx 000 0 und d
020 _a9780060082154
050 _aPS 3562.E55 .L46/
100 _aLeonard, Elmore
245 0 _aBe cool
260 _aNew York
260 _bDelacorte Press
260 _c2005
300 _a371 p
650 _aMotion picture producers and directors--Fiction. Music trade--Fiction. Brooklyn (New York, N.Y.)--Fiction.
942 _cBK
999 _c27607
_d27607